00767nam a22002057a 4500003000400000005001700004008004100021022001300062040001800075082001400093110004900107245009200156260004500248300001500293440008800308440004000396650003500436650004500471650004500516OSt20240708113422.0240708b ||||| |||| 00| 0 eng d a09703365 cAIMIT LIBRARY a658bUDYP aNational Institute of Industrial Engineering aUdyog Pragati :journal for practising managers /cBy National of Industrial Engineering aMumbai :bAlco Corporation ,c2013,2014. bHBc26 cm. aUdyog Pragati: journal for practising managersvVol.36 No.4/2012,Vol.37 No.1-3/2013 vVol.37 No.4/2013,Vol.38 No.1-3/2014 aInternational competitiveness  aManagement of technology and innovation  aMobile telephony adoption in rural India